000 00416nam a22000977a 4500
100 _aGuider
_979384
245 _a20 प्रैक्टिस सेट्स भारतीय वायु सेना GROUP - X तकनीकी ट्रेड परीक्षा
260 _aनई दिल्‍ली
_bGuider Competitive Group
_c2020
650 _aसेना विज्ञान
_979404
942 _cHIN
999 _c63000
_d63000